000 00804nam a2200229 a 4500
001 55073
003 BD-RjUL
005 20211209080218.0
008 161114s1979 bg ||||| |||| 00| p ben d
020 _c: Tk. 5.00
035 _a(BD-RjUL)55195
040 _aBD-RjUL
_bben
_cBD-RjUL
041 _aben
082 _223
_a891.441
_bSHU 1979
100 _aশহিদুল্লাহ, রুদ্র মুহম্মদ
_9164178
245 1 0 _aউপদ্রুত উপকূল /
_cরুদ্র মুহম্মদ শহিদুল্লাহ
260 _aঢাকা :
_bবুক সোসাইটি,
_c১৯৭৯
300 _a৭২ পৃ. ;
_c২৩ সেমি.
650 _aবাংলা কবিতা
_9164179
650 _aBengali Poetry
_9164180
942 _2ddc
_cBK
999 _c55073
_d55073